[Event "SVK-ch U12"]
[Site "Tatralandia"]
[Date "2024.04.10"]
[Round "7"]
[White "Bartal, Alex"]
[Black "Chupac, Matej"]
[Result "1-0"]
[WhiteElo "1105"]
[BlackElo "1000"]
[PlyCount "55"]
[EventDate "2024.04.05"]
[EventType "swiss"]
[EventRounds "9"]
[EventCountry "SVK"]
[SourceTitle "CBM 219 Extra"]
[Source "ChessBase"]
[SourceDate "2024.05.31"]
[SourceVersion "1"]
[SourceVersionDate "2024.05.31"]
[SourceQuality "1"]

1. c4 e5 2. Nc3 Nc6 3. e4 Nf6 4. Nge2 Bc5 5. h3 0-0 6. g3 d6 7. Bg2 h6 8. 0-0 Bd7 9. Kh2 Nd4 10. d3 Nxe2 11. Nxe2 g5 12. f4 exf4 13. gxf4 Qc8 14. fxg5 Nh5 15. gxh6 d5 16. exd5 Bd6+ 17. Bf4 Nxf4 18. Nxf4 Re8 19. Qh5 Re3 20. Qg5+ Kf8 21. Qg7+ Ke7 22. Rae1 Bxf4+ 23. Rxf4 Rxe1 24. Rxf7+ Kd6 25. Qg3+ Kc5 26. Qf2+ Kd6 27. c5+ Ke5 28. Qf4# 1-0

[Event "Skalica op-B"]
[Site "Skalica"]
[Date "2023.08.23"]
[Round "5"]
[White "Bartal, Alex"]
[Black "Slonek, Richard"]
[Result "0-1"]
[WhiteElo "1000"]
[BlackElo "1149"]
[PlyCount "38"]
[EventDate "2023.08.19"]
[EventType "swiss"]
[EventRounds "9"]
[EventCountry "SVK"]
[SourceTitle "CBM 215 Extra"]
[Source "ChessBase"]
[SourceDate "2023.09.30"]
[SourceVersion "1"]
[SourceVersionDate "2023.09.30"]
[SourceQuality "1"]

1. d4 d5 2. e4 dxe4 3. Nc3 Nf6 4. Qe2 Nc6 5. Be3 Bg4 6. f3 exf3 7. Nxf3 e6 8. 0-0-0 Bb4 9. Qd2 0-0 10. a3 Ba5 11. Be2 h6 12. Ne5 Bxe2 13. Nxc6 bxc6 14. Qxe2 Bxc3 15. bxc3 Rb8 16. Rd3 Qe7 17. c4 Rb7 18. Kd2 Ne4+ 19. Ke1 Rb1+ 0-1

[Event "Skalica op-B"]
[Site "Skalica"]
[Date "2023.08.21"]
[Round "3"]
[White "Bartal, Alex"]
[Black "Wallner, Juraj"]
[Result "0-1"]
[WhiteElo "1000"]
[BlackElo "1562"]
[PlyCount "28"]
[EventDate "2023.08.19"]
[EventType "swiss"]
[EventRounds "9"]
[EventCountry "SVK"]
[SourceTitle "CBM 215 Extra"]
[Source "ChessBase"]
[SourceDate "2023.09.30"]
[SourceVersion "1"]
[SourceVersionDate "2023.09.30"]
[SourceQuality "1"]

1. e4 c5 2. Nf3 e6 3. d4 d5 4. Nc3 Nf6 5. e5 Nfd7 6. Be3 cxd4 7. Bxd4 Nc6 8. Bb5 a6 9. Bxc6 bxc6 10. Be3 Qc7 11. Bf4 Rb8 12. b3 Bb4 13. Qd2 Qa5 14. 0-0-0 Bxc3 0-1